00598nam a22001457a 4500003000900000008004100009040007100050082002300121245002900144260002800173300002800201440003100229505017700260650001500437AR-CdUCM190429b           ||||| |||| 00| 0 spa d  aMUNICIPALIDAD PROVINCIAL DEL CUSCOcBIBLIOTECA MUNICIPAL DEL CUSCO  aC / 370.710 /bS48  aSenderos pedagógicos /  aCuzco :bEl Sol,c1952.  a186 páginas ;c25 cm.  asenderos pedagógicosn01  aConcentración provincial del maestros primarios del cuzco -- Labor de la concentración -- Didactica de la lectura y la escritura -- Lectura y escritura en las clases...  aPedagogia.